Intérêt et principes d'une cartographie des formations superficielles (Record no. 35367)

MARC details
000 -LEADER
fixed length control field 00678 a2200217 4500
037 ## - SOURCE OF ACQUISITION
Stock number 27983
100 ## - VEDETTE PRINCIPALE - NOM DE PERSONNE
Language of a work Fr
100 ## - VEDETTE PRINCIPALE - NOM DE PERSONNE
Personal name Dewolf, Yvette
260 ## - PUBLICATION, DISTRIBUTION, ETC. (IMPRINT)
Name of publisher, distributor, etc Association des publication de la Faculté des lettres et sciences humaines de l'Université de Caen
245 ## - TITLE STATEMENT
Title Intérêt et principes d'une cartographie des formations superficielles
260 ## - PUBLICATION, DISTRIBUTION, ETC. (IMPRINT)
Date of publication, distribution, etc 1965
300 ## - PHYSICAL DESCRIPTION
Extent 183 p.
300 ## - PHYSICAL DESCRIPTION
Other physical details 25 cm
650 ## - SUBJECT ADDED ENTRY--TOPICAL TERM
Topical term or geographic name as entry element Cartographie
650 ## - SUBJECT ADDED ENTRY--TOPICAL TERM
Topical term or geographic name as entry element Roches
650 ## - SUBJECT ADDED ENTRY--TOPICAL TERM
Topical term or geographic name as entry element Carte
630 ## - SUBJECT ADDED ENTRY--UNIFORM TITLE
Uniform title 91 - Geographie. Exploration de la terre, des diverses regions, des divers pays. Voyages. Geographie regionale
650 ## - SUBJECT ADDED ENTRY--TOPICAL TERM
Topical term or geographic name as entry element 9 - GEOGRAPHIE ET HISTOIRE
Holdings
Withdrawn status Lost status Damaged status Not for loan Location (home branch) Sublocation or collection (holding branch) Date acquired Koha issues (times borrowed) Koha full call number Koha date last seen Price effective from Koha item type
        Bibliothèque Universitaire Centrale Bibliothèque Universitaire Centrale 28/02/2009   91/528.9 DEW 28/02/2009 28/02/2009 Livre


© 2008, Bibliothèques de l'Université d'Abomey-Calavi

04 BP 789 Cotonou, Tél. : +229 21 36 01 01, Fax : +229 21 35 06 32

Courriel : bu@bu.uac.bj